[Event "Bastia CC Winter op 34th"]
[Site "Bastia"]
[Date "2009.01.19"]
[Round "2"]
[White "Alliot, Sebastien"]
[Black "Vincenti, Francois Xavier"]
[Result "0-1"]
[WhiteElo "1549"]
[BlackElo "1689"]
[PlyCount "86"]
[EventDate "2009.01.18"]
[EventType "swiss"]
[EventRounds "7"]
[EventCountry "FRA"]
[SourceTitle "EXT 2010"]
[Source "ChessBase"]
[SourceDate "2010.11.25"]
[SourceVersion "1"]
[SourceVersionDate "2010.11.25"]
[SourceQuality "1"]

1. e4 e6 2. d4 d5 3. e5 c5 4. c3 Nc6 5. Nf3 Bd7 6. Be2 f6 7. 0-0 fxe5 8. dxe5 Qc7 9. Bf4 Nge7 10. Bd3 h6 11. Re1 0-0-0 12. Nbd2 g5 13. Bg3 Bg7 14. c4 Nb4 15. Qb3 Nxd3 16. Qxd3 d4 17. Ne4 Nf5 18. Nd6+ Nxd6 19. exd6 Qb6 20. b3 Bf8 21. Be5 Rg8 22. Qh7 Bxd6 23. Qxh6 g4 24. Ng5 Bxe5 25. Rxe5 Qc7 26. Rae1 Rh8 27. Qf6 Rde8 28. g3 Rhf8 29. Qg6 Qa5 30. R1e2 Rg8 31. Qf6 d3 32. Re1 d2 33. Rd1 Rgf8 34. Qg6 Qxa2 35. Qd3 Qa5 36. Rxd2 Qa1+ 37. Rd1 Qxe5 38. Qxd7+ Kb8 39. f4 gxf3 40. Nxf3 Qe3+ 41. Kh1 Qxf3+ 42. Kg1 a6 43. Rd3 Qf2+ 0-1